[Event "AUTO-ADV-1677"]
[Site "http://www.queenalice.com/game.php?id=741336"]
[Date "2010.3.5"]
[Round "1"]
[White "sandromm"]
[Black "benjobench"]
[Result "0-1"]
[WhiteElo "1780"]
[BlackElo "1962"]

1. e4 c6 2. Nf3 d5 3. exd5 cxd5 4. Bb5+ Bd7 5. Bxd7+ Nxd7 6. O-O e6 7. d4 Ngf6
8. Bg5 Bd6 9. Nbd2 Qc7 10. c3 O-O 11. Ne5 Bxe5 12. dxe5 Qxe5 13. Nf3 Qf5 14.
Bxf6 Nxf6 15. Nd4 Qf4 16. g3 Qh6 17. h4 Ne4 18. Kg2 a6 19. f3 Nd2 20. Rf2 Nc4
21. b3 Ne3+ 22. Kh2 Nxd1 23. Rxd1 Rfc8 24. Rd3 Rc7 25. f4 Rac8 26. Ne2 Qg6 27.
Rdf3 Qb1 28. Nd4 Qe1 29. Kg2 Rxc3 30. Rxc3 Rxc3 31. Nf3 Qe4 32. Kh2 Rxf3 33.
Rxf3 Qxf3 0-1

[Event "AUTO-ADV-1677"]
[Site "http://www.queenalice.com/game.php?id=741337"]
[Date "2010.3.5"]
[Round "1"]
[White "benjobench"]
[Black "sandromm"]
[Result "1-0"]
[WhiteElo "1958"]
[BlackElo "1762"]

1. d4 Nf6 2. Nc3 e6 3. Bg5 Be7 4. f4 c6 5. e3 O-O 6. Nf3 d6 7. Bd3 Nbd7 8. a3
Ng4 9. Qd2 Bxg5 10. Nxg5 f6 11. Nh3 f5 12. g3 Ndf6 13. O-O-O d5 14. Nf2 Nxf2 15.
Qxf2 Ng4 16. Qf3 Nf6 17. Rdg1 a6 18. h3 g6 19. g4 Qb6 20. gxf5 exf5 21. h4 Ne4
22. h5 Nxc3 23. bxc3 Qa5 24. hxg6 hxg6 25. Rxg6+ Kf7 26. Rh7+ Kxg6 27. Qh5+ Kf6
28. Qh6# 1-0

[Event "AUTO-OPEN-1900"]
[Site "http://www.queenalice.com/game.php?id=741435"]
[Date "2010.3.5"]
[Round "1"]
[White "benjobench"]
[Black "girassol"]
[Result "0-1"]
[WhiteElo "1943"]
[BlackElo "1864"]

1. d4 d5 2. Nc3 Bf5 3. Nf3 c5 4. Bf4 e6 5. e3 Nf6 6. Bd3 Ne4 7. O-O Nc6 8. Ne2
g5 9. Bxe4 dxe4 10. Nxg5 h6 11. Nh3 Bxh3 12. gxh3 Qh4 13. Kg2 Rg8+ 14. Bg3 O-O-O
15. Kh1 Qxh3 16. Ng1 Qf5 17. f3 cxd4 18. fxe4 Qxe4+ 19. Qf3 Qxf3+ 20. Rxf3 dxe3
21. Rxe3 Rd2 22. Rc1 h5 23. Nf3 Rd5 24. c3 Bh6 25. Rce1 Bxe3 26. Rxe3 Ne7 27. a4
Nf5 28. Re4 Nxg3+ 29. hxg3 Rxg3 30. Rf4 f5 31. Kh2 Rg4 32. Rxg4 hxg4 33. Ng5 e5
34. Kg3 Rd3+ 35. Kg2 e4 36. Ne6 Rd2+ 37. Kg3 e3 0-1

[Event "AUTO-OPEN-1900"]
[Site "http://www.queenalice.com/game.php?id=741436"]
[Date "2010.3.5"]
[Round "1"]
[White "girassol"]
[Black "benjobench"]
[Result "1-0"]
[WhiteElo "1742"]
[BlackElo "1953"]

1. e4 c6 2. d4 d5 3. Nc3 dxe4 4. Nxe4 Bf5 5. Ng3 Nf6 6. Nxf5 Qa5+ 7. Bd2 Qxf5 8.
Bd3 Qe6+ 9. Ne2 g6 10. O-O Bg7 11. Ng3 Nbd7 12. Re1 Qd6 13. c3 O-O 14. Be3 Nd5
15. Ne4 Nxe3 16. Rxe3 Qc7 17. Rh3 Nf6 18. Qd2 Nxe4 19. Bxe4 Rad8 20. Qg5 h6 21.
Qe3 Kh7 22. f4 f5 23. Bc2 a5 24. Rf1 b5 25. Qe6 Rf6 26. Qe2 Qd7 27. Re1 Qd6 28.
Qxe7 Qb8 29. Ree3 Qc8 30. Rxh6+ Kg8 31. Bb3+ Rd5 32. Re5 Rf7 33. Bxd5 cxd5 34.
Qe8+ 1-0

[Event "AUTO-OPEN-1900"]
[Site "http://www.queenalice.com/game.php?id=741437"]
[Date "2010.3.5"]
[Round "1"]
[White "benjobench"]
[Black "fabianno"]
[Result "0-1"]
[WhiteElo "1973"]
[BlackElo "2085"]

1. d4 Nf6 2. Nc3 e6 3. Bg5 Be7 4. f4 h6 5. Bh4 O-O 6. Qd3 b6 7. e4 Ba6 8. Qf3
Bxf1 9. Qxf1 c5 10. Nf3 cxd4 11. Nxd4 Nh7 12. Bxe7 Qxe7 13. Qc4 Nc6 14. Nxc6
dxc6 15. Qxc6 Rfc8 16. Qa4 Qc5 17. O-O-O Qe3+ 18. Kb1 Qxf4 19. g3 Qe5 20. Rd3 a6
21. Re1 b5 22. Qb4 Nf6 23. h3 Rc4 24. Qe7 Nxe4 25. Nxe4 Rxe4 26. Red1 Re1 27.
Kc1 Rxd1+ 28. Rxd1 Qxg3 29. h4 Qf4+ 30. Kb1 b4 31. b3 Rf8 32. Rd6 a5 33. Rc6 Qd4
34. Rc4 Qd8 35. Qa7 Qa8 36. Qc7 Rd8 37. Rf4 Rd1+ 38. Kb2 Qh1 39. Qxf7+ Kh7 40.
c4 Rd2# 0-1

[Event "AUTO-OPEN-1900"]
[Site "http://www.queenalice.com/game.php?id=741438"]
[Date "2010.3.5"]
[Round "1"]
[White "fabianno"]
[Black "benjobench"]
[Result "0-1"]
[WhiteElo "2081"]
[BlackElo "1942"]

1. c4 c6 2. Nc3 Nf6 3. d3 d5 4. cxd5 Nxd5 5. Bd2 e6 6. g3 Bd6 7. Bg2 Nd7 8. Nf3
Qb6 9. b3 Nxc3 10. Bxc3 Bb4 11. Qd2 Bxc3 12. Qxc3 Nf6 13. O-O O-O 14. Rac1 a5
15. Ne5 a4 16. b4 Rd8 17. Nc4 Qb5 18. e4 Qh5 19. Ne5 Ng4 20. Nxg4 Qxg4 21. f3
Qg5 22. f4 Qb5 23. Rfd1 e5 24. fxe5 Be6 25. a3 Rd7 26. Rd2 Rad8 27. Bf1 Qb6+ 28.
Qc5 Qa6 29. d4 Qa8 30. d5 cxd5 31. Bb5 b6 32. Qxb6 Rb7 33. Qa6 Ra7 34. Qc6 dxe4
35. Rxd8+ Qxd8 36. Qxe4 Qd2 37. Qc2 Qe3+ 38. Kg2 Bd5+ 39. Kf1 g6 40. Be2 Be6 41.
Qc3 Bh3+ 42. Ke1 Qg1+ 43. Kd2 Rd7+ 44. Kc2 Qf2 45. Qf3 Bf5+ 46. Kb2 Rd2+ 47. Ka1
Qxe2 48. Qxe2 Rxe2 49. Rc5 Kf8 50. b5 Re1+ 51. Kb2 Rb1+ 52. Ka2 Rb3 0-1

[Event "AUTO-OPEN-1900"]
[Site "http://www.queenalice.com/game.php?id=741439"]
[Date "2010.3.5"]
[Round "1"]
[White "benjobench"]
[Black "sandromm"]
[Result "1-0"]
[WhiteElo "1952"]
[BlackElo "1767"]

1. d4 d5 2. Nc3 e6 3. Nf3 f6 4. Bf4 Bb4 5. Qd3 Ne7 6. a3 Ba5 7. e3 O-O 8. Be2
Nbc6 9. O-O Nf5 10. b4 Bb6 11. Rfc1 Nce7 12. a4 a5 13. b5 Ng6 14. Nd1 Nxf4 15.
exf4 Qd6 16. g3 Bd7 17. Ne3 Rae8 18. c3 c6 19. Bd1 cxb5 20. axb5 Nxe3 21. fxe3
Bc7 22. c4 b6 23. c5 bxc5 24. dxc5 Qe7 25. b6 Bb8 26. c6 Bc8 27. c7 Bb7 28.
cxb8=Q Rxb8 29. Rxa5 Rbd8 30. Rc7 Qb4 31. Rb5 Qe4 32. Qa3 Bc8 33. Qe7 Qxe3+ 34.
Kg2 Rd7 35. Rxd7 Bxd7 36. Qxd7 h6 37. b7 Qd3 38. Qxe6+ Kh7 39. Be2 Qe4 40. Qxe4+
dxe4 41. Nd4 Rd8 42. b8=Q Rxb8 43. Rxb8 1-0

[Event "AUTO-OPEN-1900"]
[Site "http://www.queenalice.com/game.php?id=741440"]
[Date "2010.3.5"]
[Round "1"]
[White "sandromm"]
[Black "benjobench"]
[Result "0-1"]
[WhiteElo "1776"]
[BlackElo "1943"]

1. d4 d5 2. c4 Nf6 3. Nc3 e6 4. cxd5 exd5 5. Bg5 Bb4 6. a3 Bxc3+ 7. bxc3 Bf5 8.
Nf3 Nbd7 9. e3 c6 10. Be2 Qa5 11. Qd2 Ne4 12. Qb2 Qxc3+ 13. Qxc3 Nxc3 14. Kd2
Ne4+ 15. Kd1 Nxg5 16. Nxg5 Ke7 17. g4 Bg6 18. f4 f6 19. Nh3 Rhc8 20. f5 Bf7 21.
Nf4 c5 22. Rb1 Rc7 23. Bf3 Kd6 24. dxc5+ Nxc5 25. Ke2 Na4 26. Kf2 Nc3 27. Rb4 a5
28. Rd4 Rac8 29. Kg3 Rc4 30. Rxc4 Rxc4 31. Rc1 Ne4+ 32. Bxe4 Rxc1 33. Ne2 Ra1
34. Bd3 Rxa3 35. Bb5 Rxe3+ 36. Kf2 Rb3 37. Ba4 Rb2 38. Kf3 b5 39. Bd1 a4 40. Nd4
Be8 41. Ne6 g6 42. Ng7 Bf7 43. fxg6 hxg6 44. h4 a3 0-1

[Event "AUTO-MASTER-1063"]
[Site "http://www.queenalice.com/game.php?id=741549"]
[Date "2010.3.5"]
[Round "1"]
[White "Pumuckel"]
[Black "benjobench"]
[Result "1-0"]
[WhiteElo "2311"]
[BlackElo "1945"]

1. e4 c6 2. d4 d5 3. e5 Bf5 4. Be3 e6 5. Nd2 Qb6 6. Ngf3 Qxb2 7. Bd3 Bxd3 8.
cxd3 Qb5 9. Rb1 Qa6 10. Nf1 Ne7 11. Ng3 Ng6 12. h4 Nd7 13. h5 Ne7 14. O-O Nb6
15. Qb3 g6 16. a4 Nf5 17. Nxf5 gxf5 18. a5 Qxa5 19. Qc2 Qa3 20. Bg5 Bb4 21. Ra1
Qc3 22. Qb1 Bf8 23. Bd2 1-0

[Event "AUTO-MASTER-1063"]
[Site "http://www.queenalice.com/game.php?id=741550"]
[Date "2010.3.5"]
[Round "1"]
[White "benjobench"]
[Black "Pumuckel"]
[Result "0-1"]
[WhiteElo "1966"]
[BlackElo "2275"]

1. d4 Nf6 2. Nc3 d5 3. Bg5 Nbd7 4. f4 Ne4 5. Nf3 h6 6. Bh4 g5 7. Bg3 Nxc3 8.
bxc3 Nf6 9. fxg5 hxg5 10. Nxg5 Bh6 11. Bf4 e5 12. Bc1 Ng4 13. Nf3 e4 14. Ne5 Ne3
15. Bxe3 Bxe3 16. g3 Qg5 0-1

[Event "AUTO-MASTER-1063"]
[Site "http://www.queenalice.com/game.php?id=741563"]
[Date "2010.3.5"]
[Round "1"]
[White "Morysek"]
[Black "benjobench"]
[Result "1-0"]
[WhiteElo "2182"]
[BlackElo "1936"]

1. f4 d5 2. Nf3 Bf5 3. e3 Nf6 4. b3 e6 5. Bb2 Bd6 6. Be2 Nbd7 7. O-O c6 8. Ne5
Qc7 9. Nxd7 Qxd7 10. d3 Qc7 11. Nd2 Qb6 12. Bd4 Bc5 13. Nf3 Bg4 14. Bxc5 Qxc5
15. Qd2 O-O 16. Ne5 Bxe2 17. Qxe2 a5 18. a4 Rad8 19. Kh1 Nd7 20. Nxd7 Rxd7 21.
Rad1 b5 22. axb5 cxb5 23. h3 a4 24. bxa4 bxa4 25. Ra1 Ra7 26. f5 Rc8 27. fxe6
fxe6 28. Qg4 1-0

[Event "AUTO-MASTER-1063"]
[Site "http://www.queenalice.com/game.php?id=741564"]
[Date "2010.3.5"]
[Round "1"]
[White "benjobench"]
[Black "Morysek"]
[Result "0-1"]
[WhiteElo "1943"]
[BlackElo "2177"]

1. d4 d6 2. Nc3 Nf6 3. Bg5 Nbd7 4. f4 g6 5. e3 Bg7 6. Bc4 O-O 7. Nf3 c5 8. O-O
a6 9. a4 Qc7 10. Qd3 cxd4 11. exd4 Nb6 12. Bb3 Bf5 13. Qe3 Rfe8 14. Nh4 Bd7 15.
f5 Nc4 16. Qe2 b5 17. fxg6 hxg6 18. axb5 axb5 19. Rxa8 Rxa8 20. Bxf6 Bxf6 21.
Nd5 Bxd4+ 22. Kh1 Qd8 23. Nxe7+ Kg7 24. Bxc4 bxc4 25. Nf3 Bf6 26. Nd5 Bxb2 27.
Qxc4 Be6 28. Nd4 Bxd5 29. Qxd5 Qf6 0-1

[Event "AUTO-MASTER-1063"]
[Site "http://www.queenalice.com/game.php?id=741571"]
[Date "2010.3.5"]
[Round "1"]
[White "rodriguesr"]
[Black "benjobench"]
[Result "1-0"]
[WhiteElo "2114"]
[BlackElo "1953"]

1. d4 d5 2. c4 Nf6 3. Nc3 e6 4. Bg5 Be7 5. Nf3 a6 6. e3 dxc4 7. Bxc4 b5 8. Bd3
Bb7 9. O-O Nd5 10. Bxe7 Qxe7 11. Rc1 O-O 12. e4 Nf4 13. Bb1 Nd7 14. Qd2 Ng6 15.
Ne2 Nb6 16. b3 Rfd8 17. Rfd1 Rac8 18. Rc5 Rd7 19. Rdc1 Nh4 20. Nxh4 Qxh4 21. Qc3
Bxe4 22. Bxe4 Qxe4 23. Ng3 Qf4 24. Qa5 Nc4 25. Qc3 Nb6 26. Ne2 Qd6 27. Rc6 Nd5
28. Qa5 Qf8 29. Rxa6 b4 30. Qb5 Qd8 31. a4 Nc3 32. Nxc3 bxc3 33. Rxc3 Rxd4 34.
g3 1-0

[Event "AUTO-MASTER-1063"]
[Site "http://www.queenalice.com/game.php?id=741572"]
[Date "2010.3.5"]
[Round "1"]
[White "benjobench"]
[Black "rodriguesr"]
[Result "0-1"]
[WhiteElo "1964"]
[BlackElo "2089"]

1. d4 d5 2. Nc3 Nf6 3. Bg5 Bf5 4. f4 e6 5. e3 Be7 6. Bd3 Bxd3 7. Qxd3 Nbd7 8.
Nh3 c5 9. O-O O-O 10. Nf2 Qb6 11. b3 cxd4 12. exd4 Rac8 13. Rfe1 Qc7 14. Rec1
Qxc3 15. Qb5 Qc6 16. Qa5 a6 17. c4 dxc4 18. bxc4 Qb6 19. Qd2 Rfd8 20. Rab1 Qc7
21. Qe3 h6 22. Bh4 Nb6 23. c5 Nbd5 24. Qe1 Qxf4 25. Bg3 Qxd4 26. Rxb7 Rxc5 27.
Rd1 Qc3 28. Qe2 Bd6 29. Bxd6 Rxd6 30. h3 Qc2 31. Qe1 Qxa2 32. Qe5 Rdc6 33. Rb2
Qa4 34. Qb8+ Rc8 35. Qg3 Rc1 36. Rb1 Rxd1+ 37. Nxd1 Qc2 38. Ra1 Qd2 39. Nf2 Rc1+
40. Rxc1 Qxc1+ 0-1

[Event "Pinoy Tournament"]
[Site "http://www.queenalice.com/game.php?id=746158"]
[Date "2010.3.14"]
[Round "1"]
[White "benjobench"]
[Black "ylisavbots"]
[Result "0-1"]
[WhiteElo "1961"]
[BlackElo "2220"]

1. d4 d5 2. Nc3 Nf6 3. Nf3 Bf5 4. e3 Bg4 5. Be2 Bxf3 6. Bxf3 e6 7. Qd3 c6 8. O-O
Nbd7 9. Ne2 Bd6 10. b3 Qc7 11. c4 Bxh2+ 12. Kh1 Bd6 13. c5 Be7 14. e4 dxe4 15.
Bxe4 Nxe4 16. Qxe4 Nf6 17. Qf3 Nd5 18. Nf4 Bf6 19. Nxd5 cxd5 20. Bf4 Qc6 21. Qe3
O-O 22. Rab1 Rfe8 23. Rfd1 Rad8 24. Rd3 g6 25. Be5 Bg7 26. Qg3 f6 27. Bc7 Rd7
28. Bf4 e5 29. Be3 f5 30. dxe5 Bxe5 31. Qf3 a6 32. Rc1 Bg7 33. b4 Re4 34. a3 d4
35. Bf4 Rde7 36. Kh2 Rxf4 0-1